000 00682nam a22002177a 4500
003 OSt
005 20251027032353.0
008 251027b |||||||| |||| 00| 0 eng d
020 _a13: 978-0-07-351182-5.
040 _aDWCL-Main lib
_cOC
082 _aCirc. 650.142 K33e 2007
100 _aKenkel, Cindy
245 _aExtreme resume makeover :
_bthe ultimate guide to renovating your resume
260 _aBoston :
_bMcGraw-Hill/Irwin,
_cc2007.
300 _aviii, 155 pages :
_billustration ;
_c27 cm.
504 _aIncludes index.
650 _21. Applications for positions
650 _22. Job hunting.
650 _23. Resume (Employment).
942 _2ddc
_cBK-CIRC
_kCirc.
_n0
999 _c5146
_d5146